Vessel - Twenty One Pilots Tracklist - Statistics

General Stats
  • This quiz has been taken 14 times
  • The average score is 10 of 12
Answer Stats
Song # Song Name % Correct
2 Holding on to You
100%
4 House of Gold
100%
1 Ode to Sleep
100%
11 Trees
100%
12 Truce
100%
10 Guns for Hands
91%
3 Migraine
82%
7 Screen
82%
6 Semi-Automatic
82%
5 Car Radio
73%
9 Fake You Out
73%
8 The Run and Go
55%
No matching quizzes found
Score Distribution
Percent of People with Each Score
Percentile by Number Answered
Your Score History
You have not taken this quiz